Movies Quiz

Random Movies or Actor Quiz

Matt Damon Needs A Job Quiz Stats

 Plays Quiz Updated Jul 16, 2013

Challenge
Share
Tweet
Embed
Score 0/27 Timer 07:00
8 Plays Today
% Correct
Zoo Owner
85.1%
Janitor
83.3%
U.S. Private First Class
83%
Golfer
77.5%
Rugby Captain
75.7%
Con Artist
75.3%
Con Artist
72.9%
Fallen Angel
68%
Student
65.3%
Assassin
62.9%
Poker Player
57.2%
Mole (SIU Staff Sergeant)
55.5%
Whistleblower (Corporate Executive)
54.5%
Lawyer
53.4%
% Correct
Cowboy
50.9%
Texas Ranger
49.2%
Con Artist
49.2%
CIA Officer
41.5%
U.S. Combat Medic
36.5%
Former Professional Psychic
35.9%
Congressman
33.5%
U.S. Army Chief Warrant Officer
24.7%
Math Teacher
22.6%
Energy Analyst
20.9%
U.S. Second Lieutenant
18.4%
Hiker
16.2%
Corporate Salesman
16%

You're not logged in!

Compare scores with friends on all Sporcle quizzes.
Join for Free
OR
Log In

You Might Also Like...

Show Comments

Extras

Top Quizzes Today


Score Distribution

Your Account Isn't Verified!

In order to create a playlist on Sporcle, you need to verify the email address you used during registration. Go to your Sporcle Settings to finish the process.

Report this User

Report this user for behavior that violates our Community Guidelines.

Details: